<?xml version="1.0" encoding="UTF-8"?>
<record
    xmlns:xsi="http://www.w3.org/2001/XMLSchema-instance"
    xsi:schemaLocation="http://www.loc.gov/MARC21/slim http://www.loc.gov/standards/marcxml/schema/MARC21slim.xsd"
    xmlns="http://www.loc.gov/MARC21/slim">

  <leader>02232nam a22003977a 4500</leader>
  <controlfield tag="003">CHAP</controlfield>
  <controlfield tag="005">20240521101311.0</controlfield>
  <controlfield tag="007">ta</controlfield>
  <controlfield tag="008">221115s2021    |||eobdfs||||a001 0 spa d</controlfield>
  <datafield tag="040" ind1=" " ind2=" ">
    <subfield code="a">mxchpua</subfield>
  </datafield>
  <datafield tag="090" ind1=" " ind2=" ">
    <subfield code="a">T.C.873</subfield>
    <subfield code="b">L36 EIUPA</subfield>
    <subfield code="c">2021</subfield>
  </datafield>
  <datafield tag="245" ind1="1" ind2="0">
    <subfield code="a">Empacadora agr&#xED;cola Fuerte Yaqui, S.C. de R.S. de C.V. en Cajeme, Sonora / </subfield>
    <subfield code="c">coordinadores Patricia Landa Salgado y Vicente L&#xF3;pez Bautista ; colaboradores Luis &#xC1;ngel Castillo P&#xE9;rez...[y otros]</subfield>
  </datafield>
  <datafield tag="260" ind1=" " ind2=" ">
    <subfield code="a">Chapingo, M&#xE9;xico : </subfield>
    <subfield code="b">El autor,</subfield>
    <subfield code="c">2021</subfield>
  </datafield>
  <datafield tag="300" ind1=" " ind2=" ">
    <subfield code="a">1 recurso en l&#xED;nea (104 hojas) : </subfield>
    <subfield code="b">gr&#xE1;ficas, mapas, fotos, planos</subfield>
  </datafield>
  <datafield tag="336" ind1=" " ind2=" ">
    <subfield code="2">rdacontent</subfield>
    <subfield code="a">texto</subfield>
    <subfield code="b">txt</subfield>
  </datafield>
  <datafield tag="337" ind1=" " ind2=" ">
    <subfield code="2">rda media</subfield>
    <subfield code="a">computadora</subfield>
    <subfield code="b">c</subfield>
  </datafield>
  <datafield tag="338" ind1=" " ind2=" ">
    <subfield code="2">rdacarrier</subfield>
    <subfield code="a">recurso en l&#xED;nea</subfield>
    <subfield code="b">cr</subfield>
  </datafield>
  <datafield tag="500" ind1=" " ind2=" ">
    <subfield code="a">Grado : 7&#xB0; a&#xF1;o Grupo : 05</subfield>
  </datafield>
  <datafield tag="502" ind1=" " ind2=" ">
    <subfield code="a">Viaje de Estudios</subfield>
    <subfield code="b">(EIUPA) --</subfield>
    <subfield code="c">UACh. Departamento de Ingenier&#xED;a Agroindustrial,</subfield>
    <subfield code="d">2021</subfield>
  </datafield>
  <datafield tag="504" ind1=" " ind2=" ">
    <subfield code="a">Bibliograf&#xED;a : hoja 74-81</subfield>
  </datafield>
  <datafield tag="505" ind1="0" ind2=" ">
    <subfield code="a">Contiene 2 planos : --
1. Plano distribuci&#xF3;n de &#xE1;reas (Esc. 1 : 50) --
2. Diagrama de recorrido (Esc. 1:50)</subfield>
  </datafield>
  <datafield tag="650" ind1="1" ind2="3">
    <subfield code="9">161131</subfield>
    <subfield code="a">Capsicum  </subfield>
    <subfield code="x">Calidad de las hortalizas</subfield>
    <subfield code="z">M&#xE9;xico </subfield>
    <subfield code="z">Sonora</subfield>
  </datafield>
  <datafield tag="650" ind1="1" ind2="3">
    <subfield code="9">159822</subfield>
    <subfield code="a">Productos a base de hortalizas  </subfield>
    <subfield code="x">Organizaci&#xF3;n industrial y estructura de mercado</subfield>
    <subfield code="z">M&#xE9;xico</subfield>
    <subfield code="z">Sonora</subfield>
  </datafield>
  <datafield tag="650" ind1="1" ind2="3">
    <subfield code="9">162474</subfield>
    <subfield code="a">Industria de las hortalizas</subfield>
    <subfield code="z">M&#xE9;xico</subfield>
    <subfield code="z">Sonora</subfield>
  </datafield>
  <datafield tag="650" ind1="1" ind2="3">
    <subfield code="9">148404</subfield>
    <subfield code="a">Plantas empacadoras  </subfield>
    <subfield code="z">M&#xE9;xico</subfield>
    <subfield code="z">Sonora</subfield>
  </datafield>
  <datafield tag="650" ind1="1" ind2="3">
    <subfield code="9">161131</subfield>
    <subfield code="a">Capsicum  </subfield>
    <subfield code="x">Vegetable quality</subfield>
    <subfield code="z">Mexico</subfield>
    <subfield code="z">Sonora</subfield>
  </datafield>
  <datafield tag="650" ind1="1" ind2="3">
    <subfield code="9">159823</subfield>
    <subfield code="a">Vegetable products</subfield>
    <subfield code="x">Industrial organization and market structure</subfield>
    <subfield code="z">Mexico</subfield>
    <subfield code="z">Sonora</subfield>
  </datafield>
  <datafield tag="650" ind1="1" ind2="3">
    <subfield code="9">162475</subfield>
    <subfield code="a">Vegetable industry</subfield>
    <subfield code="z">Mexico</subfield>
    <subfield code="z">Sonora</subfield>
  </datafield>
  <datafield tag="650" ind1="1" ind2="3">
    <subfield code="9">148403</subfield>
    <subfield code="a">Packing houses  </subfield>
    <subfield code="z">Mexico</subfield>
    <subfield code="z">Sonora</subfield>
  </datafield>
  <datafield tag="700" ind1="1" ind2=" ">
    <subfield code="9">148104</subfield>
    <subfield code="a">Landa Salgado, Patricia</subfield>
    <subfield code="e">coordinadora</subfield>
  </datafield>
  <datafield tag="700" ind1="1" ind2=" ">
    <subfield code="9">147030</subfield>
    <subfield code="a">L&#xF3;pez Bautista, Vicente</subfield>
    <subfield code="e">coordinador</subfield>
  </datafield>
  <datafield tag="700" ind1="1" ind2=" ">
    <subfield code="9">185663</subfield>
    <subfield code="a">Castillo P&#xE9;rez, Luis &#xC1;ngel </subfield>
    <subfield code="e">colaborador</subfield>
  </datafield>
  <datafield tag="856" ind1="4" ind2="0">
    <subfield code="u">http://10.13.5.2/ve/T_C_873_EIUPA/T_C_873_EIUPA_2021-REPORTE_pdf</subfield>
    <subfield code="y">DESCARGAR REPORTE </subfield>
  </datafield>
  <datafield tag="856" ind1="4" ind2="0">
    <subfield code="u">http://10.13.5.2/ve/T_C_873_EIUPA/T_C_873_EIUPA_2021-DIAGRAMA_DE_RECORRIDO_pdf</subfield>
    <subfield code="y">DESCARGAR DIAGRAMA DE RECORRIDO</subfield>
  </datafield>
  <datafield tag="856" ind1="4" ind2="0">
    <subfield code="u">http://10.13.5.2/ve/T_C_873_EIUPA/T_C_873_EIUPA_2021-PLANO_DE_DISTRIBUCION_DE_AREAS_pdf</subfield>
    <subfield code="y">DESCARGAR PLANO DE DISTRIBUCI&#xD3;N DE &#xC1;REAS </subfield>
  </datafield>
  <datafield tag="999" ind1=" " ind2=" ">
    <subfield code="c">217795</subfield>
    <subfield code="d">217795</subfield>
  </datafield>
  <datafield tag="952" ind1=" " ind2=" ">
    <subfield code="0">0</subfield>
    <subfield code="1">0</subfield>
    <subfield code="2">local</subfield>
    <subfield code="4">0</subfield>
    <subfield code="7">0</subfield>
    <subfield code="8">VEE</subfield>
    <subfield code="a">IA_</subfield>
    <subfield code="b">IA_</subfield>
    <subfield code="c">E_L</subfield>
    <subfield code="d">2022-11-15</subfield>
    <subfield code="e">El autor</subfield>
    <subfield code="l">0</subfield>
    <subfield code="o">T.C.873 L36 EIUPA 2021</subfield>
    <subfield code="p">1206015730</subfield>
    <subfield code="r">2022-11-15 00:00:00</subfield>
    <subfield code="y">VEE</subfield>
  </datafield>
</record>
